000 00344 a2200145 4500
005 20250626130940.0
020 _a0-07-255595-0
082 _a658.15 ROS
100 _aROSS, S. A.
245 _aCorporate Finance
250 _a6th Ed.
260 _aNew Year,
_bMcGraw Hill,
_c2002.
300 _axii, 815p.; ill.; figure
_c25cm
942 _2ddc
_cBKS
999 _c5345
_d5345